LEADER 01520nam a2200325 a 4500 001 000000173697 003 CaOOAMICUS 005 20200722161442.0 008 200722s2020 fr m 001 u fre r 020 $a978-2-204-13692-1* 032 $aLibriCat 040 $aPUL$bita 100 1 $aZola Toko, Maurille.$0(OLS)http://pul/name/111535 245 13$aLa singularité de Jésus et le dialogue interreligieux selon Jacques Dupuis / $cMaurille Zola Toko. 260 $aParis :$bLes Éditions du Cerf,$c2020. 300 $a380 p.;$b$a24 cm 490 1 $aPatrimoines 502 $aPubblicato precedentemente nel 2018 come Tesi di Dottorato. Institut Catholique de Paris. Theologicum. Faculté de Théologie et de Sciences Religieuses 504 $aBibliografia in nota e alle p. 359-372. 600 14$aDupuis, Jacques, $cS.I. ,$d1923-2004.$0(OLS)http://pul/subject/44781 650 4$aDialogo interreligioso.$0(OLS)http://pul/subject/33329 650 4$aCristologia e filosofia.$0(OLS)http://pul/subject/42742 830 0$aPatrimoines (Cerf).$0(OLS)http://pul/title/192841 850 $aPUL 852 $aPUL$W1$xDP1 Tesi Varie$y51$m2020 B 1$j197617$qTesi$B202481$CPULBib$Z2$F202481 $82 941 1 $a16 996 $6020$a978-2-204-13692-1*$9(OLS)http://pul/number/167647 996 $6245$aLa singularité de Jésus et le dialogue interreligieux selon Jacques Dupuis / $9(OLS)http://pul/title/214884 996 $6260$aParis :$bLes Éditions du Cerf$9(OLS)http://pul/publisher/47861 LEADER 01377nam a2200289 u 4500 001 000000059657 003 CaOOAMICUS 005 20070226120826.0 008 010704s1934 it cf u000 u ita u 035 $a10895453 040 $aIAR$bita 041 1 $aita$hlat 100 1 $aBacon, Francis,$d1561-1626.$0(OLS)http://pul/name/5096 240 10$aGruppi, scelte$9(Bacon, Francis, 1561-1626).$lItaliano.$0(OLS)http://pul/title/79858 245 10$aPer il progrsso della scienza :$b"Cogitata et visa" ed estratti del "De augmentis scientiarum" /$cFrancesco Bacon; traduzione, introduzione e commento a cura di Mario M. Rossi. 260 $aMilano :$bMondadori,$c1934. 300 $a211 S., :$b1 Portrait, 1 Falttafel, ;$c21 cm 490 1 $aCollana di testi filosofici 700 1 $aRossi, Mario Manlio,$d1895-1971.$0(OLS)http://pul/name/10908 740 0 $aCogitata et visa. 830 0$aCollana di testi filosofici.$0(OLS)http://pul/title/70000 850 $aPUL 852 $aPUL$W1$xDP1 Fondo Cecchetti$y53$m260 D 42.2$j193459$nBK-PRI$b $qFondi$B77792$CPULBib$Z2$F77792 $81 941 1 $a1 996 $6245$aPer il progrsso della scienza :$b"Cogitata et visa" ed estratti del "De augmentis scientiarum"$9(OLS)http://pul/title/79859 996 $6740$aCogitata et visa$9(OLS)http://pul/title/79860 996 $6260$aMilano :$bMondadori$9(OLS)http://pul/publisher/50297